JR西日本 可部線の駅(2000年) - Statistics

General Stats
  • This quiz has been taken 7 times
  • The average score is 11 of 33
Answer Stats
所在地 備考 駅名 % Correct
広島市安佐北区 可部
100%
広島市西区 横川
80%
広島市西区 三滝
80%
山県郡戸河内町(現:安芸太田町) 廃止区間 三段峡
80%
広島市安佐南区 安芸長束
60%
広島市安佐南区 下祗園
60%
広島市安佐南区 古市橋
60%
広島市安佐南区 大町
60%
広島市安佐南区 緑井
60%
広島市安佐南区 七軒茶屋
60%
広島市安佐南区 梅林
60%
広島市安佐北区 中島
60%
山県郡加計町(現:安芸太田町) 廃止区間 加計
60%
広島市安佐南区 上八木
40%
広島市安佐北区 廃止区間 河戸
40%
広島市安佐北区 廃止区間 安芸亀山
40%
山県郡筒賀村(現:安芸太田町) 廃止区間 筒賀
40%
山県郡戸河内町(現:安芸太田町) 廃止区間 戸河内
40%
広島市安佐北区 廃止区間 今井田
20%
広島市安佐北区 廃止区間
20%
山県郡加計町(現:安芸太田町) 廃止区間 安野
20%
広島市安佐北区 廃止区間 毛木
0%
広島市安佐北区 廃止区間 安芸飯室
0%
広島市安佐北区 廃止区間 小河内
0%
佐伯郡湯来町(現:広島市佐伯区) 廃止区間 水内
0%
山県郡加計町(現:安芸太田町) 廃止区間 坪野
0%
山県郡筒賀村(現:安芸太田町) 廃止区間 田之尻
0%
山県郡加計町(現:安芸太田町) 廃止区間 津浪
0%
山県郡加計町(現:安芸太田町) 廃止区間 香草
0%
山県郡加計町(現:安芸太田町) 廃止区間 木坂
0%
山県郡加計町(現:安芸太田町) 廃止区間 殿賀
0%
山県郡戸河内町(現:安芸太田町) 廃止区間 上殿
0%
山県郡戸河内町(現:安芸太田町) 廃止区間 土居
0%
No matching quizzes found
Score Distribution
Percent of People with Each Score
Percentile by Number Answered
Your Score History
You have not taken this quiz